Evidemment : LOMEPAL - Statistiques

Statistiques générales
  • Ce quiz a été pris 227 fois
  • Le résultat moyen est 369 sur 491
Statistiques - réponses
Hint Réponse % Correct
la
99%
99%
que
98%
comme
97%
j'ai
96%
J'ai
96%
je
96%
Je
96%
ma
96%
pas
96%
vie
96%
Evidemment
94%
à
93%
briller
93%
l'or
93%
pour
92%
veux
92%
le
91%
passé
91%
pourquoi
91%
Pourquoi
91%
se
91%
de
90%
invisible
90%
maintenant
90%
Maintenant
90%
ce
89%
dans
88%
Dans
88%
l'air
88%
me
88%
Me
88%
voulez
88%
vous
88%
ces
86%
C'est
86%
c'est
86%
. Les
86%
les
86%
m'aimer
86%
ça
84%
des
84%
Des
84%
Et
84%
plus
84%
moi
83%
seul
83%
Seul
83%
un
83%
au
81%
est
81%
Est
81%
fin
81%
peu
81%
en
80%
Mon
79%
mon
79%
mais
78%
Mais
78%
autres
77%
Bon
77%
différent
76%
disent
76%
par
76%
peut
76%
qui
76%
d'être
75%
bonheur
74%
être
74%
l'équilibre
74%
noir
74%
don
73%
grands
73%
rage
73%
rien
73%
sages
73%
suis
73%
trop
73%
une
73%
vaincre
73%
vin
73%
confiance
72%
jamais
72%
Dieu
71%
enfin
71%
King Kong
71%
merci
71%
compte
70%
débilité
70%
qu'à
70%
serais
70%
Sert
70%
tout
70%
millions
69%
d'heures
68%
mes
68%
on
68%
68%
68%
ou
68%
Petit
68%
rêve
68%
sur
68%
Sur
68%
Toujours
68%
toujours
68%
voulu
68%
ai
67%
meilleur
67%
tâche
67%
j'avais
66%
page
66%
peut-être
66%
sommet
66%
du
65%
froid
65%
Si
65%
sommeil
65%
toutes
65%
mourir
64%
Népal
64%
tranquille
64%
vouloir
64%
complet
63%
connard
63%
fille
63%
chaud
62%
quand
62%
Oh
61%
qu'au
61%
vendent
61%
caleçon
60%
disques
60%
fan
60%
France
60%
j'étais
59%
parle
59%
Concert
58%
crier
58%
déjà
58%
mal
58%
marche
58%
mat
58%
morceaux
58%
pars
58%
villes
58%
l'impression
57%
Pal
57%
qu'en
57%
Chaque
56%
chaque
56%
Islande
56%
l'aise
56%
bar
55%
était
55%
gens
55%
premiers
55%
quiconque
55%
reconnaitre
55%
Sauf
55%
filles
54%
leur
54%
mort
54%
scène
54%
tête
54%
19 ans
53%
années
53%
bien
53%
crois
53%
show'biz
53%
j'en
51%
mecs
51%
m'entendre
51%
mieux
51%
moins
51%
3h
50%
aux
50%
avec
50%
complètement
50%
devant
50%
donne
50%
physique
50%
venger
50%
connais
49%
oscar
49%
plaisais
49%
spirale
49%
yes
49%
c'était
48%
diable
48%
fais
48%
film
48%
passés
48%
poitrine
48%
tard
48%
dérangés
47%
j'me
47%
m'intéresse
47%
nouvelle
47%
rend
47%
van
47%
visite
47%
combler
46%
couche
46%
fait
46%
Sous
46%
Avant
45%
dix
45%
étages
45%
J'veux
45%
l'manque
45%
milles
45%
pétasses
45%
rentrais
45%
sentais
45%
bizarres
44%
étranger
44%
monte
44%
saoul
44%
tous
44%
bête
43%
d'accord
43%
Fini
43%
soirs
43%
Aujourd'hui
42%
consentant
42%
égo
42%
jouaient
42%
pardon
42%
partout
41%
ressens
41%
tellement
41%
j'essaye
40%
nourrir
40%
ouais
40%
semaine
40%
déconner
38%
grosses
38%
servais
37%
gamin
36%
merde
36%
elles
34%
fausses
29%
garces
29%
hey
24%
Aucun quiz correspondant
Distribution des résultats
% des personnes avec chaque résultat
Percentile par nombre de réponses
Votre historique - résultats
Vous n’avez pas pris ce quiz